Normal view
MARC view
- Privatization
Entry Topical Term
001 - CONTROL NUMBER
- control field: 37801
003 - CONTROL NUMBER IDENTIFIER
- control field: NUST
005 - DATE AND TIME OF LATEST TRANSACTION
- control field: 20210314130419.0
008 - FIXED-LENGTH DATA ELEMENTS
- fixed length control field: 210314|| aca||aabn | a|a d
040 ## - CATALOGING SOURCE
- Original cataloging agency: NUST
- Transcribing agency: NUST
150 ## - HEADING--TOPICAL TERM
- Topical term or geographic name entry element: Privatization
- General subdivision: Law and legislation
670 ## - SOURCE DATA FOUND
- Source citation: Work cat.: (NUST): Guislain, Pierre, 37799, Divestiture of state enterprises :, 1992.
